[Event "MNT-chT"]
[Site "Ulcinj"]
[Date "2014.09.20"]
[Round "1.4"]
[White "Kalezic, Blazo"]
[Black "Perovic, Vladimir"]
[Result "1-0"]
[WhiteElo "2416"]
[BlackElo "2190"]
[PlyCount "55"]
[EventDate "2014.09.20"]
[EventType "team-tourn"]
[EventRounds "9"]
[EventCountry "MNE"]
[SourceTitle "CBM 162 Extra"]
[Source "ChessBase"]
[SourceDate "2014.10.17"]
[SourceVersion "1"]
[SourceVersionDate "2014.10.17"]
[SourceQuality "1"]
[WhiteTeam "Buducnost"]
[BlackTeam "Niksic"]
[WhiteTeamCountry "MNE"]
[BlackTeamCountry "MNE"]

1. e4 c5 2. Nf3 d6 3. d4 cxd4 4. Nxd4 Nf6 5. Nc3 a6 6. f3 e5 7. Nb3 Be6 8. Be3 d5 9. exd5 Nxd5 10. Nxd5 Qxd5 11. Qxd5 Bxd5 12. 0-0-0 Bc6 13. Na5 Bb4 14. Nc4 Nd7 15. a3 Be7 16. Nd6+ Bxd6 17. Rxd6 Ke7 18. Rd2 Rhd8 19. Bd3 Rac8 20. Re1 g6 21. Bd4 f6 22. f4 Kd6 23. fxe5+ Nxe5 24. Bxe5+ fxe5 25. Bf5+ Bd5 26. Bxc8 Rxc8 27. Red1 Rc5 28. b4 1-0

[Event "MNT CupT"]
[Site "Tivat"]
[Date "2011.04.29"]
[Round "2"]
[White "Popadic, Dragan"]
[Black "Perovic, Vladimir"]
[Result "1-0"]
[WhiteElo "2245"]
[BlackElo "2161"]
[PlyCount "59"]
[EventDate "2011.04.28"]
[EventType "team-tourn"]
[EventRounds "5"]
[EventCountry "MNE"]
[SourceTitle "CBM 142 Extra"]
[Source "ChessBase"]
[SourceDate "2011.06.27"]
[SourceVersion "1"]
[SourceVersionDate "2011.06.27"]
[SourceQuality "1"]

1. e4 c5 2. Nc3 d6 3. f4 Nc6 4. Nf3 Bg4 5. Bb5 Nf6 6. Bxc6+ bxc6 7. d3 d5 8. e5 Nd7 9. 0-0 e6 10. h3 Bf5 11. Qe2 h5 12. Kh1 Be7 13. b3 Qb6 14. Bd2 0-0-0 15. Na4 Qa6 16. Be3 f6 17. Rad1 Rdg8 18. Qf2 fxe5 19. Nxc5 Bxc5 20. Bxc5 exf4 21. Ng5 f3 22. Nxf3 g5 23. Nd4 g4 24. Nxf5 exf5 25. Qxf5 gxh3 26. gxh3 Qxa2 27. d4 Qb2 28. Ra1 Rg7 29. Rxa7 Qc3 30. Rfa1 1-0

[Event "MNT-chT"]
[Site "Cetinje"]
[Date "2009.10.25"]
[Round "9"]
[White "Vujovic, Radoslav"]
[Black "Perovic, Vladimir"]
[Result "1/2-1/2"]
[WhiteElo "2000"]
[BlackElo "2151"]
[PlyCount "25"]
[EventDate "2009.09.18"]
[EventType "team-tourn"]
[EventRounds "9"]
[EventCountry "MNE"]
[SourceTitle "EXT 2011"]
[Source "ChessBase"]
[SourceDate "2010.11.26"]
[SourceVersion "1"]
[SourceVersionDate "2010.11.26"]
[SourceQuality "1"]

1. Nf3 Nf6 2. g3 g6 3. Bg2 Bg7 4. c4 0-0 5. d4 d6 6. 0-0 c6 7. Nc3 Nbd7 8. e4 e5 9. dxe5 dxe5 10. Qc2 Qe7 11. b3 Re8 12. Bb2 a5 13. a4 1/2-1/2

[Event "SLO-chT qual"]
[Site "Kranj"]
[Date "1995.??.??"]
[Round "?"]
[White "Perovic, Vladimir"]
[Black "Zaletelj, A."]
[Result "1/2-1/2"]
[WhiteElo "2000"]
[BlackElo "1635"]
[PlyCount "121"]
[EventDate "1995.??.??"]
[EventType "team"]
[EventRounds "4"]
[EventCountry "SLO"]
[SourceTitle "EXT 1998"]
[Source "ChessBase"]
[SourceDate "1997.11.17"]
[SourceVersion "1"]
[SourceVersionDate "1997.11.17"]
[SourceQuality "1"]

1. e4 c5 2. c3 e5 3. d4 cxd4 4. cxd4 exd4 5. Qxd4 Nc6 6. Qa4 Bc5 7. Nf3 Nge7 8. Bc4 0-0 9. 0-0 a6 10. Qc2 d6 11. a3 Ng6 12. Nbd2 Be6 13. b4 Ba7 14. Bb2 Bxc4 15. Qxc4 Nge5 16. Qd5 Qe7 17. Nd4 Bxd4 18. Bxd4 Nxd4 19. Qxd4 Rac8 20. f4 Nc6 21. Qd3 Qe6 22. Nf3 h6 23. f5 Qe7 24. Rad1 Rcd8 25. Qd5 Rfe8 26. Rfe1 Ne5 27. Nd4 Rd7 28. h3 Rc8 29. Rf1 Nc4 30. f6 Qe5 31. Nf5 Qxf6 32. Rc1 Nb6 33. Qd2 Qe5 34. Rxc8+ Nxc8 35. Qc2 Ne7 36. Ne3 Nc6 37. Ng4 Qd4+ 38. Kh1 Re7 39. Rd1 Qxe4 40. Qxe4 Rxe4 41. Rxd6 Re1+ 42. Kh2 Ra1 43. Rd3 h5 44. Nf2 Ne5 45. Rc3 b5 46. Nd3 Nc4 47. Nc5 Nxa3 48. Nxa6 Nc4 49. Nc7 Rb1 50. Nxb5 Rxb4 51. Nd4 Nd6 52. Rd3 Nb5 53. Rb3 Rxd4 54. Rxb5 g6 55. Rb2 Kg7 56. Ra2 g5 57. g3 Kg6 58. Rb2 g4 59. Ra2 Kg5 60. Rb2 f5 61. h4+ 1/2-1/2